| 000 | 01163cam a2200217 4500 | ||
|---|---|---|---|
| 001 | WB@3612-532 | ||
| 008 | 040915n2004 000 0 eng u | ||
| 035 | _a(Sirsi) u127422 | ||
| 245 | _aRegistered social landlords governed by public law | ||
| 260 | _c2004 | ||
| 490 |
_aODPM News Release _v(2004/0208) 10 September 2004 (3) |
||
| 520 | _aThe UK government has accepted that the European Commission is correct in its view that Registered Social Landlords are bodies governed by public law for the purposes of EC procurement law and therefore must comply with the requirements of the EC public procurement directives where these apply. The directives apply to a wide range of bodies in receipt of public funds and their purpose is to open up the public procurement market to better ensure the free movement of goods and services within the European Union. http://www.odpm.gov.uk/pns/DisplayPN.cgi?pn_id=200 4_0208 | ||
| 590 | _aWB | ||
| 590 | _aWB | ||
| 650 | _aREGISTERED SOCIAL LANDLORDS | ||
| 650 | _aHOUSING ASSOCIATIONS | ||
| 650 | _aPUBLIC PROCUREMENT | ||
| 650 | _aPROCUREMENT PROCEDURES | ||
| 690 | _aHOUSING-SOCIAL HOUSING | ||
| 942 | _n0 | ||
| 999 |
_c118006 _d118006 |
||